[Event "4e open Saint Chély d'Aubrac"]
[Site "Saint Chély d'Aubrac"]
[Date "2004.07.22"]
[Round "7.18"]
[White "Capron, Daniel"]
[Black "Rabier, Jean"]
[Result "1-0"]
[WhiteElo "2105"]
[BlackElo "1870"]
[PlyCount "27"]

1. e4 c5 2. b4 cxb4 3. a3 d5 4. exd5 Qxd5 5. Nf3 Bg4 6. axb4 Nc6 7. Nc3 Qd8 8.
h3 Bh5 9. Bb5 e6 10. g4 Bg6 11. h4 h6 12. Ne5 Qc7 13. Qe2 Bxb4 {#} 14. Nd5 1-0

[Event "4e open Saint Chély d'Aubrac"]
[Site "Saint Chély d'Aubrac"]
[Date "2004.07.22"]
[Round "7.19"]
[White "Corke, Anya"]
[Black "Giraud, Sylvain"]
[Result "1/2-1/2"]
[WhiteElo "2042"]
[BlackElo "1850"]
[PlyCount "134"]

1. d4 d5 2. c4 c6 3. Nc3 Nf6 4. Nf3 Nbd7 5. Bg5 e6 6. e3 Be7 7. Qc2 a6 8. Rd1
O-O 9. Be2 h6 10. Bh4 Re8 11. O-O Qc7 12. Nd2 dxc4 13. Nxc4 b5 14. Bg3 Qa7 15.
Nd6 Rd8 16. e4 c5 17. e5 Bxd6 18. dxc5 Qxc5 19. Rxd6 Nd5 20. Bf3 Bb7 21. Qd2
N7b6 22. Ne4 Qc7 23. Rxd8+ Rxd8 24. Nd6 Nc4 25. Qc1 Nxd6 26. Qxc7 Nxc7 27. exd6
Nd5 28. Rc1 f6 29. Rc5 Rd7 30. Kf1 Kf8 31. Ke2 Ke8 32. a3 Nb6 33. Bh5+ Kd8 34.
Bg4 Bd5 35. Rc7 Rxc7 36. dxc7+ Kd7 37. Kd3 Na8 38. Kd4 Nxc7 39. Kc5 Na8 40. Bh3
h5 41. Bd6 g5 42. g3 Nc7 43. Bf1 Bb3 44. Be2 h4 45. Bf3 Nd5 46. Bxd5 exd5 47.
gxh4 gxh4 48. Bf4 Ke6 49. Kd4 Kf5 50. Bd6 a5 51. Bc7 a4 52. Bd6 Bc4 53. Ke3 Kg4
54. Bc7 f5 55. Be5 Bb3 56. f3+ Kh3 57. Kf2 Bd1 58. Bf6 Bc2 59. Be5 Bd1 60. Bf6
Kxh2 61. Bxh4 d4 62. Bf6 d3 63. Ke3 Be2 64. f4 Kg2 65. Be5 Kf1 66. Kd2 Kf2 67.
Bd6 Kf3 1/2-1/2

[Event "4e open Saint Chély d'Aubrac"]
[Site "Saint Chély d'Aubrac"]
[Date "2004.07.22"]
[Round "7.20"]
[White "Labarthe, Arnaud"]
[Black "Lengert, Martin"]
[Result "1-0"]
[WhiteElo "2028"]
[BlackElo "1810"]
[PlyCount "85"]

1. d4 d5 2. c4 e6 3. Nc3 Nf6 4. cxd5 exd5 5. Bg5 Be7 6. Qc2 c6 7. e3 O-O 8. Bd3
h6 9. Bh4 Re8 10. Nge2 Nbd7 11. O-O Nf8 12. f3 Ne6 13. Rad1 Nh5 14. Bf2 Qc7 15.
Kh1 Bd6 16. g4 Nf6 17. e4 dxe4 18. Nxe4 Nxe4 19. fxe4 Ng5 20. e5 Be7 21. Bf5
Qa5 22. Nf4 Bf8 23. h4 Ne6 24. Be3 Nxf4 25. Bxf4 Qxa2 26. Rf2 Qd5+ 27. Be4 Qe6
28. Rg1 Be7 29. g5 h5 30. Bh2 g6 31. Qd3 Rf8 32. Rg3 Kg7 33. Rf6 Qa2 34. Bxg6
Bxf6 35. gxf6+ Kh8 36. Bxh5 Be6 37. Qe3 Bd5+ 38. Bf3 Qb1+ 39. Rg1 Bxf3+ 40.
Qxf3 Qh7 41. Rg5 Qb1+ 42. Bg1 Rfd8 43. Rg7 1-0

[Event "4e open Saint Chély d'Aubrac"]
[Site "Saint Chély d'Aubrac"]
[Date "2004.07.22"]
[Round "7.21"]
[White "Guidez, Thomas"]
[Black "Desboeufs, Alexandre"]
[Result "1/2-1/2"]
[WhiteElo "1892"]
[BlackElo "2010"]
[PlyCount "94"]

1. e4 e6 2. d4 d5 3. Nc3 Nf6 4. Bg5 dxe4 5. Nxe4 Nbd7 6. Nf3 h6 7. Nxf6+ Nxf6
8. Bxf6 Qxf6 9. Bb5+ c6 10. Bd3 Bd7 11. Qe2 Bd6 12. O-O-O O-O-O 13. Kb1 Qe7 14.
Ne5 Bxe5 15. dxe5 Kb8 16. Qe3 Bc8 17. c4 b6 18. Be4 Bb7 19. f4 c5 20. g3 Rxd1+
21. Rxd1 Rd8 22. Rxd8+ Qxd8 23. Kc2 Qd7 24. b3 a6 25. Qd3 Bxe4 26. Qxe4 g6 27.
a3 Ka7 28. Qd3 Qb7 29. Kc3 Qc7 30. b4 Qc6 31. Kb3 Qb7 32. b5 axb5 33. cxb5 Kb8
34. a4 Ka7 35. Kc4 Qc7 36. Qd6 Qb7 37. Qc6 Qxc6 38. bxc6 Kb8 39. Kb5 Kc7 40. h3
h5 41. g4 hxg4 42. hxg4 c4 43. Kxc4 Kxc6 44. g5 Kc7 45. Kb5 Kb7 46. Kc4 Kc6 47.
Kb4 Kc7 1/2-1/2

[Event "4e open Saint Chély d'Aubrac"]
[Site "Saint Chély d'Aubrac"]
[Date "2004.07.22"]
[Round "7.22"]
[White "Joli, Laurent"]
[Black "Strohmann, Matthieu"]
[Result "1-0"]
[WhiteElo "1780"]
[BlackElo "2000"]
[PlyCount "83"]

1. d4 Nf6 2. c4 g6 3. Nc3 d5 4. e3 Bg7 5. Nf3 O-O 6. Be2 c6 7. O-O Nbd7 8. Bd2
Nb6 9. b3 Bg4 10. c5 Nbd7 11. b4 Qc7 12. Ng5 Bxe2 13. Qxe2 e5 14. f3 Rfe8 15.
Qd3 Nf8 16. Rab1 N6d7 17. f4 h6 18. Nh3 exd4 19. exd4 f5 20. b5 Nf6 21. bxc6
Qxc6 22. Rb4 Ne6 23. Be3 Ng4 24. Re1 Rac8 25. Nb5 b6 26. Nxa7 Qc7 27. Nxc8 Rxc8
28. cxb6 Qd6 29. b7 Rb8 30. Qb3 Nxe3 31. Rxe3 Bxd4 32. Rxd4 Nxd4 33. Qb2 Qc5
34. Kh1 Kf7 35. Rc3 Qe7 36. Qf2 Qe4 37. Re3 Qb1+ 38. Re1 Qd3 39. Qb2 Nc6 40.
Qb6 Qc3 41. Qc7+ Kg8 42. Re6 1-0

[Event "4e open Saint Chély d'Aubrac"]
[Site "Saint Chély d'Aubrac"]
[Date "2004.07.22"]
[Round "7.23"]
[White "Laine, Patrice"]
[Black "Richard, Emma"]
[Result "1-0"]
[WhiteElo "2070"]
[BlackElo "1810"]
[PlyCount "43"]

1. d4 d5 2. c4 e6 3. Nc3 Nf6 4. Bg5 Be7 5. cxd5 exd5 6. e3 Bf5 7. Bxf6 Bxf6 8.
Qb3 Qc8 9. Nxd5 Bd8 10. Bc4 O-O 11. Nf3 Be4 12. Be2 c6 13. Nc3 Bf5 14. O-O Nd7
15. Rac1 Nf6 16. Nd2 Bc7 17. e4 Bg4 18. f3 Bf4 19. Rc2 Bh5 20. e5 Nd7 21. Nce4
Be3+ 22. Qxe3 1-0

[Event "4e open Saint Chély d'Aubrac"]
[Site "Saint Chély d'Aubrac"]
[Date "2004.07.22"]
[Round "7.24"]
[White "Mathis, Julien"]
[Black "Larand, Manuel"]
[Result "0-1"]
[WhiteElo "1780"]
[BlackElo "2060"]
[PlyCount "44"]

1. c4 b6 2. Nc3 c5 3. e4 Nc6 4. Nge2 Bb7 5. g3 Nd4 6. Bg2 g6 7. Nxd4 cxd4 8.
Ne2 Bg7 9. d3 e6 10. O-O Ne7 11. f4 d6 12. b3 f5 13. Bb2 e5 14. b4 {(=)} 14...
O-O 15. Qb3 Kh8 16. Rac1 Rb8 17. fxe5 dxe5 18. c5 Bh6 19. Rc2 fxe4 20. Rxf8+
Qxf8 21. Bc1 Bd5 22. Qa3 e3 0-1

[Event "4e open Saint Chély d'Aubrac"]
[Site "Saint Chély d'Aubrac"]
[Date "2004.07.22"]
[Round "7.25"]
[White "Lombart, Philippe"]
[Black "Croux, Laurent"]
[Result "1-0"]
[WhiteElo "2043"]
[BlackElo "1770"]
[PlyCount "21"]

1. d4 Nf6 2. c4 c5 3. d5 b5 4. cxb5 a6 5. e3 axb5 6. Bxb5 Ba6 7. Bxa6 Nxa6 8.
Ne2 Nb4 9. Nbc3 Rxa2 10. Rxa2 Nxa2 11. Nxa2 1-0

[Event "4e open Saint Chély d'Aubrac"]
[Site "Saint Chély d'Aubrac"]
[Date "2004.07.22"]
[Round "7.26"]
[White "Baeumlin, Francois"]
[Black "Dury, Renaud"]
[Result "1-0"]
[WhiteElo "2010"]
[BlackElo "1690"]
[PlyCount "64"]

1. e4 c6 2. d4 d5 3. exd5 cxd5 4. Bd3 Nf6 5. h3 e6 6. Nf3 Nc6 7. O-O Qc7 8. Bg5
Be7 9. c3 O-O 10. Re1 b6 11. Nbd2 Bb7 12. Qc2 h6 13. Bh4 Rac8 14. Rac1 Ne8 15.
Bxe7 Qxe7 16. Qd1 Nd6 17. Qe2 Rc7 18. Ne5 Rfc8 19. Nxc6 Rxc6 20. f4 Nc4 21. Nf3
Qf6 22. g3 R6c7 23. Ne5 Qd8 24. f5 Qe7 25. Ng4 Rc6 26. Kg2 Qd8 27. Rf1 exf5 28.
Bxf5 R8c7 29. Rce1 Nd6 30. Bc2 Bc8 31. Ne5 Be6 32. Nxc6 Rxc6 1-0

[Event "4e open Saint Chély d'Aubrac"]
[Site "Saint Chély d'Aubrac"]
[Date "2004.07.22"]
[Round "7.27"]
[White "Pierre, Alexis"]
[Black "Chokbengboun, Thomas"]
[Result "0-1"]
[WhiteElo "1580"]
[BlackElo "1900"]
[PlyCount "80"]

1. d4 d5 2. c4 dxc4 3. a4 e6 4. e4 Nf6 5. Nc3 c5 6. Nf3 Nc6 7. Be3 cxd4 8. Nxd4
Na5 9. Nf3 Qxd1+ 10. Rxd1 Bb4 11. Nd2 Bd7 12. Bd4 O-O 13. Bxf6 gxf6 14. Na2
Bxd2+ 15. Rxd2 Bxa4 16. Nc3 Bc6 17. Re2 b5 18. e5 f5 19. f4 Nb3 20. Rg1 Kh8 21.
g4 fxg4 22. Rxg4 Bf3 23. Rg3 Bxe2 24. Nxe2 Rad8 25. Nc3 a6 26. Ne4 Rg8 27.
Rxg8+ Rxg8 28. Nd6 Rg7 29. f5 exf5 30. Nxf5 Rg5 31. Nd6 Rxe5+ 32. Kf2 Kg7 33.
Bg2 Nc5 34. Bh3 Ne4+ 35. Nxe4 Rxe4 36. Bc8 a5 37. Ba6 b4 38. Bb5 c3 39. bxc3
bxc3 40. Bd3 Rh4 0-1

[Event "4e open Saint Chély d'Aubrac"]
[Site "Saint Chély d'Aubrac"]
[Date "2004.07.22"]
[Round "7.28"]
[White "Sidibe, Malika"]
[Black "Lengert, Vincent"]
[Result "1/2-1/2"]
[WhiteElo "1820"]
[BlackElo "1690"]
[PlyCount "41"]

1. e4 e5 2. Nf3 Nc6 3. d4 exd4 4. Nxd4 Nxd4 5. Qxd4 Nf6 6. Bg5 Be7 7. Bc4 c6 8.
O-O O-O 9. Nc3 Re8 10. Rfe1 b5 11. Bd3 c5 12. Qe3 Ng4 13. Bxe7 Qxe7 14. Qh3 d6
15. Nxb5 Nxf2 16. Qg3 Nxd3 17. cxd3 Rd8 18. Nc3 Be6 19. Ne2 Rab8 20. b3 Qf6 21.
Nf4 1/2-1/2

[Event "4e open Saint Chély d'Aubrac"]
[Site "Saint Chély d'Aubrac"]
[Date "2004.07.22"]
[Round "7.29"]
[White "Tholey, Jean-Paul"]
[Black "Wavresky, Andre"]
[Result "1-0"]
[WhiteElo "2057"]
[BlackElo "1640"]
[PlyCount "53"]

1. d4 Nf6 2. c4 e5 3. dxe5 Ng4 4. Nf3 Bc5 5. e3 Nc6 6. Be2 Ngxe5 7. Nxe5 Nxe5
8. O-O O-O 9. b3 d6 10. Bb2 Bd7 11. Nc3 a6 12. Ne4 Ba7 13. c5 dxc5 14. Bxe5 Re8
15. f4 Qe7 16. Bf3 Bc6 17. Ng3 Rad8 18. Qc1 f6 19. Bxc6 bxc6 20. Bb2 Qxe3+ 21.
Qxe3 Rxe3 22. Rfd1 Rd6 23. Kf1 Re8 24. Nf5 Rd5 25. Rxd5 cxd5 26. Re1 Rd8 27.
Ne7+ 1-0

[Event "4e open Saint Chély d'Aubrac"]
[Site "Saint Chély d'Aubrac"]
[Date "2004.07.22"]
[Round "7.31"]
[White "Tabaroni, Serge"]
[Black "Lagunes, Matthieu"]
[Result "0-1"]
[WhiteElo "1650"]
[BlackElo "1730"]
[PlyCount "48"]

1. e4 e5 2. Nf3 Nc6 3. Bc4 Bc5 4. c3 d6 5. d4 exd4 6. cxd4 Bb4+ 7. Bd2 Bxd2+ 8.
Nbxd2 Nf6 9. O-O O-O 10. Re1 Bg4 11. Qc2 Re8 12. a3 d5 13. exd5 Rxe1+ 14. Rxe1
Nxd5 15. Ng5 Qxg5 16. Nb3 Bf3 17. Bf1 Nf4 18. g3 Ng6 19. Qd3 Bd5 20. Nc5 Nh4
21. Ne4 Qg6 22. f3 Nf5 23. Bg2 Nfxd4 24. Nd2 Qxd3 0-1

[Event "4e open Saint Chély d'Aubrac"]
[Site "Saint Chély d'Aubrac"]
[Date "2004.07.22"]
[Round "7.32"]
[White "Desboeufs, Claude"]
[Black "Paci, Romain"]
[Result "1/2-1/2"]
[WhiteElo "1619"]
[BlackElo "1700"]
[PlyCount "55"]

1. c4 e6 2. Nc3 Nf6 3. g3 Be7 4. Bg2 O-O 5. e4 c5 6. Nge2 Nc6 7. O-O d6 8. d4
cxd4 9. Nxd4 Nxd4 10. Qxd4 Nd7 11. Qd2 Nb6 12. b3 Bf6 13. Bb2 Qe7 14. Rad1 Rd8
15. Nb5 Bxb2 16. Qxb2 a6 17. Nc3 Bd7 18. Rd3 Bc6 19. f4 Rd7 20. Qf2 Qd8 21. g4
d5 22. g5 dxe4 23. Rxd7 Nxd7 24. Re1 e3 25. Rxe3 Bxg2 26. Kxg2 Qb6 27. Ne4 Nc5
28. Nxc5 1/2-1/2

[Event "4e open Saint Chély d'Aubrac"]
[Site "Saint Chély d'Aubrac"]
[Date "2004.07.22"]
[Round "7.34"]
[White "Rivier, Sylvain"]
[Black "Baudry, Alain"]
[Result "1-0"]
[WhiteElo "1460"]
[BlackElo "1710"]
[PlyCount "59"]

1. e4 c5 2. Nf3 d6 3. d4 cxd4 4. Nxd4 Nf6 5. Nc3 a6 6. Bc4 Nbd7 7. O-O Qc7 8.
Bd3 Nc5 9. Bg5 Nfxe4 10. Nxe4 Nxd3 11. Qxd3 e5 12. Nf3 Bf5 13. Nh4 Be6 14. Rfd1
f6 15. Nxd6+ Bxd6 16. Qxd6 Qxd6 17. Rxd6 fxg5 18. Rxe6+ Kf7 19. Rxe5 gxh4 20.
Rd1 Kf6 21. Red5 Rac8 22. c3 g5 23. Rd6+ Ke5 24. R1d5+ Kf4 25. g3+ hxg3 26.
hxg3+ Kg4 27. Kg2 Rcf8 28. Rd4+ Kh5 29. f3 Rhg8 30. g4+ 1-0

[Event "4e open Saint Chély d'Aubrac"]
[Site "Saint Chély d'Aubrac"]
[Date "2004.07.22"]
[Round "7.36"]
[White "Gazel, Bruno"]
[Black "Trzesniower, Jacques"]
[Result "1/2-1/2"]
[WhiteElo "1520"]
[BlackElo "1390"]
[PlyCount "62"]

1. e4 c5 2. Nc3 Nc6 3. Nf3 d6 4. d4 cxd4 5. Nxd4 a6 6. Be2 Nf6 7. Be3 e6 8. O-O
Be7 9. Rb1 O-O 10. f4 Qc7 11. Nf3 Rd8 12. Qe1 b5 13. a3 Bb7 14. Qf2 Rf8 15. Nd4
Nxd4 16. Bxd4 Nxe4 17. Nxe4 Bxe4 18. Qg3 f6 19. Rbc1 Rac8 20. c4 e5 21. Be3 Qd7
22. cxb5 axb5 23. Qh4 f5 24. Qg3 Bc6 25. fxe5 dxe5 26. Qxe5 Bf6 27. Qxf5 Qxf5
28. Rxf5 Bxb2 29. Rxf8+ Kxf8 30. Rc2 Bxa3 31. Bxb5 Bb7 1/2-1/2

[Event "4e open Saint Chély d'Aubrac"]
[Site "Saint Chély d'Aubrac"]
[Date "2004.07.22"]
[Round "7.38"]
[White "Capron, Michel"]
[Black "Lagunes, Robin"]
[Result "1-0"]
[WhiteElo "1400"]
[BlackElo "1320"]
[PlyCount "85"]

1. e4 e5 2. Nf3 Nc6 3. Nc3 Bc5 4. Bb5 d6 5. d3 Bd7 6. O-O Nge7 7. Be3 Bxe3 8.
fxe3 a6 9. Bc4 Bg4 10. Qe1 O-O 11. Qh4 Bxf3 12. Rxf3 h6 13. Raf1 Ng6 14. Qxd8
Nxd8 15. Nd5 c6 16. Nc3 b5 17. Bb3 a5 18. a4 Rb8 19. axb5 cxb5 20. Nd5 Rc8 21.
c3 Nb7 22. Nb6 Rc7 23. Rg3 Ne7 24. Rgf3 Nc6 25. d4 a4 26. Bd5 Nba5 27. Bxc6
Rxc6 28. Nd5 Kh7 29. Rxf7 Rxf7 30. Rxf7 Nc4 31. h4 Nxb2 32. h5 Kg8 33. Rf2 Rc4
34. Rxb2 a3 35. Ra2 Ra4 36. Nc7 Ra5 37. Ne8 exd4 38. exd4 Ra6 39. Kf2 Rc6 40.
Rxa3 Kf7 41. d5 Rb6 42. Nc7 Rb7 43. Ne6 1-0

[Event "4e open Saint Chély d'Aubrac"]
[Site "Saint Chély d'Aubrac"]
[Date "2004.07.23"]
[Round "8.1"]
[White "Apicella, Manuel"]
[Black "Collas, Didier"]
[Result "1-0"]
[WhiteElo "2532"]
[BlackElo "2422"]
[PlyCount "63"]

1. e4 e5 2. Nf3 Nf6 3. Nxe5 d6 4. Nf3 Nxe4 5. Nc3 Nxc3 6. dxc3 Nd7 7. Bf4 Be7
8. Qd2 O-O 9. O-O-O Nc5 10. Be3 Bf6 11. Bc4 Be6 12. Bxe6 Nxe6 13. g4 a5 14. h4
a4 15. a3 Ra5 16. Ng5 Re8 17. Qd3 Bxg5 18. hxg5 Nxg5 19. f4 Ne4 20. Bd4 c5 {(=)
} 21. Be5 h6 22. Qxe4 Qe7 23. g5 dxe5 24. gxh6 g6 25. Rd5 Raa8 26. Rxe5 Qd7 27.
Re1 Re6 28. f5 Rf6 29. fxg6 Rxg6 30. Re7 Qc6 31. h7+ Kg7 32. Rxf7+ 1-0

[Event "4e open Saint Chély d'Aubrac"]
[Site "Saint Chély d'Aubrac"]
[Date "2004.07.23"]
[Round "8.3"]
[White "Meijers, Viesturs"]
[Black "Gaponenko, Inna"]
[Result "0-1"]
[WhiteElo "2477"]
[BlackElo "2448"]
[PlyCount "76"]

1. e4 c5 2. c3 Nf6 3. e5 Nd5 4. Nf3 Nc6 5. d4 cxd4 6. Bc4 e6 7. cxd4 d6 8. O-O
Be7 9. Qe2 O-O 10. Qe4 Kh8 11. Nbd2 f5 12. exf6 Nxf6 13. Qe2 e5 14. dxe5 dxe5
15. Nxe5 Nxe5 16. Qxe5 Bd6 17. Qg5 Qc7 18. Qh4 Bf5 19. Nf3 Rae8 20. b3 Re4 21.
Qg5 Bg4 22. Bb2 h6 23. Qc1 Bxf3 24. gxf3 Rh4 25. Be6 Bxh2+ 26. Kg2 Qd6 27. Re1
b5 28. Qd1 Qc5 29. Rc1 Qg5+ 30. Kf1 Nh5 31. Bg4 Ng3+ 32. Kg2 Nf5 33. Qd7 Bf4
34. Re8 Rxg4+ 35. fxg4 Qxg4+ 36. Kf1 Qh3+ 37. Ke1 Qh1+ 38. Ke2 Qh5+ 0-1

[Event "4e open Saint Chély d'Aubrac"]
[Site "Saint Chély d'Aubrac"]
[Date "2004.07.23"]
[Round "8.4"]
[White "Prie, Eric"]
[Black "Collas, Silvia"]
[Result "1-0"]
[WhiteElo "2441"]
[BlackElo "2344"]
[PlyCount "55"]

1. d4 Nf6 2. Bg5 e6 3. Nd2 d5 4. e3 Nbd7 5. f4 c5 6. c3 Qc7 7. Bd3 Bd6 8. Ngf3
Ng4 9. Qe2 h6 10. Bh4 f5 11. Ne5 g5 12. Nxg4 gxh4 13. Ne5 Nxe5 14. dxe5 Be7 15.
Qh5+ Kd8 16. c4 dxc4 17. Nxc4 Bd7 18. O-O-O Qc6 19. Qf7 Rf8 20. Qg7 b5 21. Be2
bxc4 22. Bf3 Qa4 23. Bxa8 c3 24. bxc3 Qxa2 25. Rxd7+ Kxd7 26. Rd1+ Kc8 27. Bb7+
(27. Qxe7 Qa3+ 28. Kd2 Rd8+ 29. Ke2 Qb2+) 27... Kb8 28. Qxe7 1-0

[Event "4e open Saint Chély d'Aubrac"]
[Site "Saint Chély d'Aubrac"]
[Date "2004.07.23"]
[Round "8.5"]
[White "Olivier, Pierre"]
[Black "Mrdja, Milan"]
[Result "0-1"]
[WhiteElo "2224"]
[BlackElo "2432"]
[PlyCount "104"]

1. d4 e6 2. c4 c5 3. d5 exd5 4. cxd5 d6 5. Nc3 Be7 6. e4 Bf6 7. Be2 Ne7 8. Nf3
O-O 9. Nd2 Ng6 10. O-O Na6 11. Nc4 Re8 12. Nb5 Rxe4 13. Ncxd6 Re7 14. Nxc8 Qxc8
15. d6 Re4 16. Bf3 Rb4 17. d7 Qb8 18. a4 Nc7 19. Re1 Ne6 20. Qd5 Ne7 21. Qxb7
Qxb7 22. Bxb7 Rd8 23. Bc8 Nxc8 24. dxc8=Q Rxc8 25. Nxa7 Ra8 26. Nc6 Rbxa4 27.
Rxa4 Rxa4 28. Ne5 Rd4 29. Kf1 h5 30. Nf3 Ra4 31. h4 Rb4 32. Re2 Bxh4 33. Bd2
Rg4 34. Nxh4 Rxh4 35. g3 Ra4 36. Bc3 h4 37. Kg2 hxg3 38. fxg3 Kh7 39. Re5 Kg6
40. Rd5 Rc4 41. Kf1 Nc7 42. Rd3 Nb5 43. Kf2 f6 44. Kf3 Kf5 45. Rd5+ Ke6 46. Rd3
g5 47. g4 Rf4+ 48. Kg3 Nd6 49. Kh3 Ne4 50. Be1 c4 51. Ra3 Rf1 52. Ra6+ Kd5 0-1

[Event "4e open Saint Chély d'Aubrac"]
[Site "Saint Chély d'Aubrac"]
[Date "2004.07.23"]
[Round "8.6"]
[White "Riff, Jean-Noel"]
[Black "Milanovic, Dino"]
[Result "1-0"]
[WhiteElo "2401"]
[BlackElo "2149"]
[PlyCount "49"]

1. e4 c5 2. Nf3 d6 3. Nc3 Nf6 4. d4 cxd4 5. Nxd4 a6 6. Be2 e6 7. O-O Nbd7 8. f4
Qc7 9. Bf3 h5 10. Be3 Be7 11. Kh1 Rb8 12. a4 b6 13. e5 dxe5 14. Nc6 Bb7 15.
Nxb8 Qxb8 16. Bxb7 Qxb7 17. Qf3 Qxf3 18. gxf3 exf4 19. Bxf4 Bb4 20. Na2 Bc5 21.
b4 Bd4 22. Rad1 Be5 23. Bxe5 Nxe5 24. Rd6 Nd5 25. Rxd5 1-0

[Event "4e open Saint Chély d'Aubrac"]
[Site "Saint Chély d'Aubrac"]
[Date "2004.07.23"]
[Round "8.7"]
[White "Pucher, Olivier"]
[Black "Lagunes, Jean-Renaud"]
[Result "1-0"]
[WhiteElo "2294"]
[BlackElo "2117"]
[PlyCount "61"]

1. d4 d5 2. c4 c6 3. Nc3 Nf6 4. Nf3 a6 5. g3 dxc4 6. Bg2 b5 7. Ne5 Bb7 8. O-O
e6 9. a4 Nd5 10. e4 Nxc3 11. bxc3 Nd7 12. f4 Be7 13. Be3 O-O 14. Nxd7 Qxd7 15.
f5 exf5 16. Bh3 Bc8 17. Bxf5 Qa7 18. g4 Bxf5 19. gxf5 f6 20. Ra2 Rf7 21. Rf3
Bf8 22. Rh3 Re8 23. Qh5 g6 24. fxg6 Rg7 25. Rg2 Kh8 26. Bh6 Ree7 27. Qf5 Qd7
28. Qxf6 Qe8 29. Rf3 Kg8 30. Qxf8+ Qxf8 31. Rxf8+ 1-0

[Event "4e open Saint Chély d'Aubrac"]
[Site "Saint Chély d'Aubrac"]
[Date "2004.07.23"]
[Round "8.8"]
[White "Mullon, Jean-Baptiste"]
[Black "Santo-Roman, Marc"]
[Result "1-0"]
[WhiteElo "2327"]
[BlackElo "2403"]
[PlyCount "75"]

1. e4 c5 2. Nf3 e6 3. d4 cxd4 4. Nxd4 a6 5. Bd3 Nc6 6. Nxc6 dxc6 7. Nd2 e5 8.
Nc4 Nf6 9. Bd2 Bc5 10. O-O Bg4 11. Qe1 Nd7 12. b4 Be7 13. f4 Be6 14. Bc3 exf4
15. Rxf4 O-O 16. e5 Nb6 17. Nxb6 Qxb6+ 18. Kh1 c5 19. bxc5 Qxc5 20. Rb1 Qc6 21.
Qg3 Rac8 22. Bd2 Rfd8 23. Rbf1 b5 24. a3 Qd5 25. Bb4 Bxb4 26. axb4 Qa2 27. Rh4
g6 28. h3 Qb2 29. Qg5 Rd5 30. Qh6 Qxe5 31. Qxh7+ Kf8 32. Bxg6 Qg7 33. Qh8+ Qxh8
34. Rxh8+ Kg7 35. Rxc8 Bxc8 36. Bxf7 Rd2 37. Bb3 Bb7 38. Rf7+ 1-0

[Event "4e open Saint Chély d'Aubrac"]
[Site "Saint Chély d'Aubrac"]
[Date "2004.07.23"]
[Round "8.9"]
[White "Birens, Eric-Andre"]
[Black "Voiska, Margarita"]
[Result "1-0"]
[WhiteElo "2105"]
[BlackElo "2387"]
[PlyCount "146"]

1. d4 g6 2. c4 Bg7 3. e4 c5 4. d5 Qa5+ 5. Bd2 Qb6 6. Bc3 Bxc3+ 7. Nxc3 d6 8.
Qd2 Nf6 9. Be2 e6 10. Nf3 exd5 11. exd5 O-O 12. O-O Bg4 13. h3 Bxf3 14. Bxf3
Nbd7 15. Rfe1 Rfe8 16. b3 Ne5 17. Bd1 Qa5 18. f4 Ned7 19. Bf3 a6 20. Ne4 Qxd2
21. Nxd2 h6 22. Kf2 Rxe1 23. Rxe1 b5 24. g3 Kf8 25. Bd1 Nb6 26. Bc2 Ra7 27. Bd3
b4 28. Ra1 a5 29. a4 bxa3 30. Rxa3 Ke7 31. Nb1 Ne8 32. Nc3 Nc7 33. Kf3 Ra8 34.
Ra1 Nd7 35. Re1+ Kd8 36. Ra1 Nf6 37. Bc2 Nfe8 38. Ne4 Kd7 39. g4 Ke7 40. Re1
Kf8 41. h4 Na6 42. Ra1 Nb4 43. Bb1 Ke7 44. Nc3 Ng7 45. Nb5 Kd7 46. Nc3 Ke7 47.
Ne4 f5 48. Ng3 Kf6 49. Ra4 Ra6 50. Ra1 Ra7 51. Ra4 Re7 52. g5+ hxg5 53. hxg5+
Kf7 54. Ne2 Ra7 55. Ng3 Ra8 56. Ra1 Kg8 57. Ra4 Ne8 58. Ra1 Ra7 59. Nxf5 gxf5
60. Bxf5 Na6 61. Rxa5 Ra8 62. Be6+ Kg7 63. f5 Nec7 64. f6+ Kg6 65. Kf4 Rb8 66.
Bf5+ Kf7 67. Bc2 Re8 68. Be4 Rh8 69. Kf5 Rh2 70. g6+ Kf8 71. Kg5 Re2 72. g7+
Kg8 73. Kg6 Rf2 1-0

[Event "4e open Saint Chély d'Aubrac"]
[Site "Saint Chély d'Aubrac"]
[Date "2004.07.23"]
[Round "8.10"]
[White "Riff, Sebastien"]
[Black "Todorov, Ognjan"]
[Result "0-1"]
[WhiteElo "2196"]
[BlackElo "2349"]
[PlyCount "58"]

1. e4 e6 2. d4 d5 3. Nd2 a6 4. exd5 exd5 5. Bd3 c5 6. dxc5 Bxc5 7. Ngf3 Nf6 8.
Qe2+ Be7 9. Nb3 O-O 10. O-O Bg4 11. h3 Bh5 12. Nbd4 Re8 13. Nf5 Bc5 14. Qd1 Nc6
15. Ng3 Bxf3 16. Qxf3 Ne5 17. Qd1 Qb6 18. b3 Bd4 19. Rb1 Rac8 20. Ne2 Bc5 21.
Bf5 Rcd8 22. Bg5 h6 23. Bh4 g5 24. Bg3 Ne4 25. c3 Qf6 26. Bxe4 dxe4 27. Qc2 Rd3
28. Rbd1 h5 29. Nd4 h4 0-1

[Event "4e open Saint Chély d'Aubrac"]
[Site "Saint Chély d'Aubrac"]
[Date "2004.07.23"]
[Round "8.11"]
[White "Hennemann, Xavier"]
[Black "Uhoda, Philippe"]
[Result "0-1"]
[WhiteElo "2104"]
[BlackElo "2140"]
[PlyCount "74"]

1. e4 d6 2. d4 Nf6 3. Nc3 g6 4. Be3 c6 5. h3 Nbd7 6. f4 b5 7. e5 b4 8. Nce2 Nd5
9. Qd2 Nxe3 10. Qxe3 Nb6 11. Nc1 Nd5 12. Qf2 Bg7 13. Nd3 O-O 14. Nf3 f6 15. Qd2
Bh6 16. g3 c5 17. Bg2 Bb7 18. dxc5 dxe5 19. Nxb4 exf4 20. O-O Nxb4 21. Qxb4 Qc7
22. gxf4 Bxf4 23. Qc4+ Kh8 24. b4 Rad8 25. Rfe1 e5 26. b5 Bd5 27. Qb4 Bxf3 28.
Bxf3 Bd2 29. c3 Bxe1 30. Rxe1 e4 31. Bxe4 Rfe8 32. b6 Qg3+ 33. Kf1 Rd2 34. Qd4
Qxh3+ 35. Kg1 Qh2+ 36. Kf1 Rxd4 37. cxd4 Rxe4 0-1

[Event "4e open Saint Chély d'Aubrac"]
[Site "Saint Chély d'Aubrac"]
[Date "2004.07.23"]
[Round "8.12"]
[White "Crut, Aurelien"]
[Black "Tanguy, Fabien"]
[Result "1-0"]
[WhiteElo "2355"]
[BlackElo "2094"]
[PlyCount "83"]

1. e4 g6 2. d4 Bg7 3. Nc3 d6 4. f4 e6 5. Nf3 Nf6 6. Bd3 O-O 7. O-O Nc6 8. e5
Nd5 9. Ne4 f6 10. exf6 Nxf6 11. c3 Nxe4 12. Bxe4 Ne7 13. Bd2 c6 14. Qe1 Nf5 15.
Bc2 a5 16. Ng5 Re8 17. Kh1 h6 18. Nf3 h5 19. Qe4 Bf6 20. Rae1 b6 21. Bd3 Bh4
22. Nxh4 Qxh4 23. Qxc6 Qe7 24. Qxa8 Bb7 25. Rxe6 Bxa8 26. Rxe7 Rxe7 27. Kg1 Kg7
28. Re1 Rxe1+ 29. Bxe1 Kf6 30. Kf2 Bc6 31. g3 Ne7 32. Bd2 Nf5 33. b3 b5 34. c4
bxc4 35. bxc4 a4 36. d5 Be8 37. Bb4 Ke7 38. h3 Kd7 39. g4 hxg4 40. hxg4 Ne7 41.
Kg3 Ng8 42. Kh4 1-0

[Event "4e open Saint Chély d'Aubrac"]
[Site "Saint Chély d'Aubrac"]
[Date "2004.07.23"]
[Round "8.13"]
[White "Hassler, Franck"]
[Black "Capron, Daniel"]
[Result "1/2-1/2"]
[WhiteElo "2198"]
[BlackElo "2105"]
[PlyCount "65"]

1. d4 d5 2. Nf3 Bf5 3. c4 e6 4. Qb3 Nc6 5. Bd2 Rb8 6. e3 Nf6 7. c5 a6 8. Qa4
Nd7 9. b4 Be7 10. Nc3 O-O 11. b5 axb5 12. Qxb5 Be4 13. Be2 e5 14. O-O Bf6 15.
dxe5 Ndxe5 16. Nxe5 Nxe5 17. Nxe4 dxe4 18. Rad1 Qe7 19. Bc3 c6 20. Qb4 Rfd8 21.
Rxd8+ Rxd8 22. Rb1 Nd3 23. Bxd3 exd3 24. Bxf6 Qxf6 25. Qxb7 d2 26. Rd1 Qa1 27.
Qb3 Qc1 28. h3 Qxc5 29. a4 g6 30. Qa2 Qc1 31. Qb3 Rd3 32. Qb8+ Kg7 33. Qe5+
1/2-1/2

[Event "4e open Saint Chély d'Aubrac"]
[Site "Saint Chély d'Aubrac"]
[Date "2004.07.23"]
[Round "8.14"]
[White "Pucher, Sebastien"]
[Black "Joli, Laurent"]
[Result "1-0"]
[WhiteElo "2135"]
[BlackElo "1780"]
[PlyCount "55"]

1. e4 e5 2. Nc3 Nf6 3. f4 d5 4. fxe5 Nxe4 5. d3 Qh4+ 6. g3 Nxg3 7. Nf3 Qh5 8.
Nxd5 Nxh1 9. Nxc7+ Kd8 10. Nxa8 Bg4 11. Bg2 Nc6 12. d4 Be7 13. Be3 Bh4+ 14. Kf1
Ng3+ 15. hxg3 Bxg3 16. c3 Qf5 17. Qb1 Qh5 18. Qe4 Re8 19. b4 Kc8 20. b5 f5 21.
Qd5 Rd8 22. Qe6+ Kb8 23. bxc6 Qe8 24. c7+ Kxa8 25. cxd8=R+ Qxd8 26. Rb1 h5 27.
Qa6 Qd5 28. Rxb7 1-0